000 nam a22 7a 4500
999 _c43975
_d43975
003 OSt
005 20180415120427.0
008 180415b xxu||||| |||| 00| 0 eng d
040 _cIIMT
100 _aXIANG,ZHIGANG
245 _aCOMPUTER GRAPHICS(SCHAUM'S OUTLINE)
260 _aNEW DELHI
_bTMH
_c2011
300 _a407
942 _2ddc
_c01